Every Railway Station in Devon - Statistics

General Stats
  • This quiz has been taken 46 times
  • The average score is 30 of 52
Answer Stats
Station % Correct
Exeter St Davids
100%
Dawlish
91%
Exeter Central
91%
Exmouth
91%
Plymouth
91%
Torquay
91%
Barnstaple
86%
Paignton
80%
Teignmouth
80%
Totnes
80%
Dawlish Warren
77%
Newton Abbot
77%
Okehampton
77%
Topsham
74%
Axminster
71%
Crediton
71%
Exeter St Thomas
71%
Honiton
71%
Tiverton Parkway
71%
St James Park
66%
Lympstone Commando
63%
Starcross
63%
Torre
63%
Digby & Sowton
57%
Ivybridge
54%
Exton
51%
Lympstone Village
51%
Cranbrook
49%
Devonport
49%
Newton St Cyres
49%
Eggesford
46%
Pinhoe
46%
Portsmouth Arms
46%
Bere Alston
43%
Dockyard
43%
Kings Nympton
43%
Polsloe Bridge
43%
Yeoford
43%
Bere Ferrers
40%
Copplestone
40%
Umberleigh
40%
Whimple
40%
Feniton
37%
Keyham
37%
Morchard Road
37%
St Budeaux Ferry Road
37%
Gunnislake
34%
Lapford
34%
St Budeaux Victoria Road
34%
Chapelton
31%
Sampford Courtenay
31%
Calstock
26%
No matching quizzes found
Score Distribution
Percent of People with Each Score
Percentile by Number Answered
Your Score History
You have not taken this quiz